[Event "Chigorin Memorial 27th"]
[Site "St Petersburg"]
[Date "2019.10.06"]
[Round "2"]
[White "Gagonin, Aleksandr"]
[Black "Gubatayeva, Ayshe"]
[Result "0-1"]
[WhiteElo "1306"]
[BlackElo "1870"]
[PlyCount "74"]
[EventDate "2019.10.05"]
[EventType "swiss"]
[EventRounds "9"]
[EventCountry "RUS"]
[SourceTitle "EXT 2020"]
[Source "ChessBase"]
[SourceDate "2019.10.17"]
[SourceVersion "1"]
[SourceVersionDate "2019.10.17"]
[SourceQuality "1"]

1. e4 c5 2. Nf3 Nc6 3. d4 cxd4 4. Nxd4 Nf6 5. Nc3 e5 6. Ndb5 d6 7. Nd5 Nxd5 8. exd5 Nb8 9. c4 Be7 10. Be2 a6 11. Nc3 0-0 12. 0-0 f5 13. a3 a5 14. Nb5 Nd7 15. f4 e4 16. Be3 a4 17. Bd4 Nb6 18. b4 axb3 19. Qxb3 Bf6 20. a4 Nd7 21. Ra3 Bxd4+ 22. Nxd4 Nc5 23. Qb4 Bd7 24. a5 b6 25. Rfa1 Qf6 26. Nb5 bxa5 27. Rxa5 Rxa5 28. Rxa5 e3 29. g3 Ne4 30. Ra7 Bxb5 31. cxb5 Nc3 32. Qc4 Nxe2+ 33. Qxe2 Re8 34. Ra3 Qd4 35. Rd3 Qxd3 36. Qxd3 e2 37. Qxf5 e1Q+ 0-1